000 00388nam a22001697a 4500
003 CEME
005 20210628205430.0
008 210316b xxu||||| |||| 00| 0 eng d
020 _a0-00-375056-6
040 _c.
082 _a423
100 _aCollins
_975526
245 _aCollins plain english dictionary
260 _aLONDON
_bCOLLINS
_c1996
300 _a758P
942 _cBK
_2ddc
999 _c580927
_d580927